The concise Oxford English dictionary (Record no. 4779)

000 -LEADER
fixed length control field 00686 a2200217 4500
020 ## - INTERNATIONAL STANDARD BOOK NUMBER
International Standard Book Number 0-19-860864-0
020 ## - INTERNATIONAL STANDARD BOOK NUMBER
International Standard Book Number 978-0-19-860864-6
020 ## - INTERNATIONAL STANDARD BOOK NUMBER
International Standard Book Number 0-19-861010-6
020 ## - INTERNATIONAL STANDARD BOOK NUMBER
International Standard Book Number 978-0-19-861010-6
040 ## - CATALOGING SOURCE
Original cataloging agency DLC
Language of cataloging DLC
245 04 - TITLE STATEMENT
Title The concise Oxford English dictionary
Statement of responsibility, etc. edited by Catherine Soanes, Angus Stevenson
250 ## - EDITION STATEMENT
Edition statement 11. rev. ed.
260 ## - PUBLICATION, DISTRIBUTION, ETC.
Place of publication, distribution, etc. Oxford ;
-- New York :
Name of publisher, distributor, etc. Oxford University Press,
Date of publication, distribution, etc. 2004
300 ## - PHYSICAL DESCRIPTION
Extent xx, 1708 s. ;
Dimensions 25 cm
650 #0 - SUBJECT ADDED ENTRY--TOPICAL TERM
Topical term or geographic name entry element English language
650 #0 - SUBJECT ADDED ENTRY--TOPICAL TERM
Topical term or geographic name entry element English language
General subdivision New words
700 1# - ADDED ENTRY--PERSONAL NAME
Personal name Soanes, Catherine
Relator code edt
700 1# - ADDED ENTRY--PERSONAL NAME
Personal name Stevenson, Angus
Relator code edt
740 0# - ADDED ENTRY--UNCONTROLLED RELATED/ANALYTICAL TITLE
Uncontrolled related/analytical title Concise Oxford dictionary of current English
942 ## - ADDED ENTRY ELEMENTS (KOHA)
Koha item type Book
Call number prefix 423 SOA
Source of classification or shelving scheme
Holdings
Withdrawn status Lost status Damaged status Not for loan Collection code Permanent Location Current Location Shelving location Date acquired Source of acquisition Cost, normal purchase price Full call number Barcode Date last seen Price effective from Koha item type
          Central Library (CL) Central Library (CL) General Stacks 01/15/2005 Academic Book Company 1252.21 423 SOA SEECS005253 11/14/2012 01/05/2017 Reference
© 2023 Central Library, National University of Sciences and Technology. All Rights Reserved.